Statistics for Country flags starting with letter I

Click here to take the quiz!

General Stats

  • This quiz has been taken 12 times
  • The average score is 8 of 9

Answer Stats

Answer% Correct
Iceland
100%
India
100%
Iran
91%
Iraq
91%
Ireland
91%
Israel
91%
Indonesia
82%
Ivory Coast
82%
Italy
64%

Score Distribution

Percentile by Number Answered

Percent of People with Each Score

Your Score History

You have not taken this quiz